LEADER 00858nam--2200301---450 001 990000653170203316 005 20201127110601.0 035 $a0065317 035 $aUSA010065317 035 $a(ALEPH)000065317USA01 035 $a0065317 100 $a20011001d1931----km-y0ENGy0103----ba 101 $aita 102 $aIT 200 1 $aAppunti di storia napoletana dell'ottocento$fGiustino Fortunato 210 $aBari$cGiuseppe Laterza$d1931 215 $a197 p.$d22 cm 410 $12001 700 1$aFORTUNATO,$bGiustino$034271 801 0$aIT$bsalbc$gISBD 912 $a990000653170203316 951 $aFV C 9 I 76(non disponibile)$b6579$cFV C 9 I 951 $aX.2.B. 233(III A 308)$b46865 L.M.$cIII A 959 $aBK 969 $aF.VENTIMIGLIA 969 $aDILAM 996 $aAppunti di storia napoletana dell'Ottocento$969551 997 $aUNISA LEADER 00916nam a2200253 i 4500 001 991000820179707536 005 20020506124730.0 008 960310s1985 it ||| | ita 035 $ab10134153-39ule_inst 035 $aLE00637389$9ExL 040 $aDip.to Fisica$bita 084 $a52.9.5 084 $a52.9.53 100 1 $aCastellani, V.$0235868 245 10$aAstrofisica stellare :$bi fondamenti fisici dell'interpretazione evolutiva di stelle e galassie /$cV. Castellani 260 $aBologna :$bZanichelli,$c1985 300 $aviii, 422 p. :$bill. ;$c24 cm. 650 4$aAstrofisica 907 $a.b10134153$b21-09-06$c27-06-02 912 $a991000820179707536 945 $aLE006 52.9.53+52.9.55 CAS$g1$i2006000028967$lle006$o-$pE0.00$q-$rl$s- $t0$u5$v0$w5$x0$y.i10157797$z27-06-02 996 $aAstrofisica stellare$9185386 997 $aUNISALENTO 998 $ale006$b01-01-96$cm$da $e-$fita$git $h0$i1